书目信息 |
| 题名: |
基于氧酰胺基团多功能性的合成方法学研究
|
|
| 作者: | 吴谦 著 | |
| 分册: | ||
| 出版信息: | 北京 《中国学术期刊(光盘版)》电子杂志社有限公司 2021.2 |
|
| 页数: | 105页 | |
| 开本: | 24cm | |
| 丛书名: | ||
| 单 册: | ||
| 中图分类: | O621.12 | |
| 科图分类: | ||
| 主题词: | 酰胺基--化学合成--合成法--研究 | |
| 电子资源: | ||
| ISBN: | 978-7-83014-013-7 | |
| 000 | 01509nam0 2200229 45 | |
| 001 | 012001002941 | |
| 005 | 20141010141507.0 | |
| 010 | @a978-7-83014-013-7@b精装@dCNY109.00 | |
| 100 | @a20200331d2020 em y0chiy0110 ea | |
| 101 | 0 | @achi |
| 102 | @aCN@b110000 | |
| 105 | @ay z 000yy | |
| 106 | @ar | |
| 200 | 1 | @a基于氧酰胺基团多功能性的合成方法学研究@Aji yu yang xian an ji tuan duo gong neng xing de he cheng fang fa xue yan jiu@f吴谦著 |
| 210 | @a北京@c《中国学术期刊(光盘版)》电子杂志社有限公司@d2021.2 | |
| 215 | @a105页@d24cm | |
| 330 | @a本专著基于氧酰胺基团多功能性开展有机合成方法学研究,拓展了其在化学生物学与材料化学等研究领域的应用。本专著探索了氧酰胺基团导向的铑催化的脱氢偶联反应,首次通过对反应条件的控制,调节反应的化学选择性,实现了对导向基发生原位断裂的控制,合成了结构多样的苯酚邻位杂环化产物;首次报道了温和条件下一步反应合成邻苯二酚类化合物的新方法,实现了氧酰胺基团作为内部氧源的邻位羟基化反应,合成了多种具有荧光性质和生物活性的邻苯二酚类化合物。本专著基于对氧酰胺基团的深入探索,拓展了氧酰胺基团在化学合成方法学中的多功能性和应用,为进一步开发条件温和的官能化反应,生物活性分子的荧光标记、化学修饰和功能研究奠定了基础。本专著属于“盘配书”出版项目,纸质书包含本专著主体内容,方便读者进行线下阅读。光盘除利用HTML格式展示主体内容外,附带有与之关联的数字资源及部分原始数据,从而实现纸媒与数媒的融合出版。 | |
| 606 | 0 | @a酰胺基@x化学合成@x合成法@x研究 |
| 690 | @aO621.12@v5 | |
| 701 | 0 | @a吴谦@Awu qian@4著 |
| 801 | 0 | @aCN@bBJSDL@c20211018 |
| 905 | @b1350908-10@dO621.12@e120@f3 | |
| 基于氧酰胺基团多功能性的合成方法学研究/吴谦著.-北京:《中国学术期刊(光盘版)》电子杂志社有限公司,2021.2 |
| 105页;24cm |
| ISBN 978-7-83014-013-7(精装):CNY109.00 |
| 本专著基于氧酰胺基团多功能性开展有机合成方法学研究,拓展了其在化学生物学与材料化学等研究领域的应用。本专著探索了氧酰胺基团导向的铑催化的脱氢偶联反应,首次通过对反应条件的控制,调节反应的化学选择性,实现了对导向基发生原位断裂的控制,合成了结构多样的苯酚邻位杂环化产物;首次报道了温和条件下一步反应合成邻苯二酚类化合物的新方法,实现了氧酰胺基团作为内部氧源的邻位羟基化反应,合成了多种具有荧光性质和生物活性的邻苯二酚类化合物。本专著基于对氧酰胺基团的深入探索,拓展了氧酰胺基团在化学合成方法学中的多功能性和应用,为进一步开发条件温和的官能化反应,生物活性分子的荧光标记、化学修饰和功能研究奠定了基础。本专著属于“盘配书”出版项目,纸质书包含本专著主体内容,方便读者进行线下阅读。光盘除利用HTML格式展示主体内容外,附带有与之关联的数字资源及部分原始数据,从而实现纸媒与数媒的融合出版。 |
| ● |
| 相关链接 |
|
|
|
|
正题名:基于氧酰胺基团多功能性的合成方法学研究
索取号:O621.12/120
 
预约/预借
| 序号 | 登录号 | 条形码 | 馆藏地/架位号 | 状态 | 备注 |
| 1 | 1350908 | 213509087 | 第二样本阅览室/ [索取号:O621.12/120] | 在馆 | |
| 2 | 1350909 | 213509096 | 第三借阅区/ [索取号:O621.12/120] | 在馆 | |
| 3 | 1350910 | 213509103 | 第三借阅区/ [索取号:O621.12/120] | 在馆 |